000 00649nam a2200229 a 4500
001 BRCA_7531
005 20190320205856.0
008 160513s1905----gw-c######---#000-0#ger-#
041 _ager
044 _agw
050 4 _aNC1509
_b.W5 1905
100 1 _aBusch, Wilhelm
_918280
245 1 0 _aAlbum humoristischer bausschatz
_bsammlung der beliebesten schristen
_cWilhelm Busch.
260 _aMúnich
_bF. Bassermann
_c1905
300 _avii, 358 p.
_bil., retratos
_c32 cm.
500 _aEdición con cantos dorados
500 _aVer también R90 e Y98
500 _aR89
650 1 4 _aHumorismo alemán
_96123
902 _aGFM
942 _2lcc
_cB
999 _c7205
_d7205